[Event "Kosenkov mem corr"]
[Site "Russia"]
[Date "2002.??.??"]
[Round "?"]
[White "Aleshnia, Valery Valentinovic"]
[Black "Matyukhin, Sergey Konstantinov"]
[Result "1/2-1/2"]
[WhiteElo "2547"]
[BlackElo "2519"]
[PlyCount "49"]
[EventDate "1998.??.??"]
[EventType "tourn (corr)"]
[EventRounds "14"]
[EventCountry "RUS"]
[EventCategory "10"]
[SourceTitle "Corr 2011"]
[Source "ChessBase"]
[SourceDate "2010.08.31"]
[SourceVersion "1"]
[SourceVersionDate "2010.08.31"]
[SourceQuality "1"]

1. f4 d5 2. Nf3 Nf6 3. e3 g6 4. b4 Bg7 5. Bb2 0-0 6. Be2 Bg4 7. 0-0 Nbd7 8. c4 c6 9. a4 e6 10. Na3 Ne4 11. Bxg7 Kxg7 12. Qc2 Rc8 13. d3 Nd6 14. Ne5 Nxe5 15. fxe5 Bxe2 16. Qxe2 Nf5 17. d4 f6 18. exf6+ Qxf6 19. Nc2 e5 20. Rad1 Qe6 21. dxe5 Qxe5 22. Rf2 Rf7 23. cxd5 cxd5 24. Qd2 Re7 25. Qxd5 1/2-1/2

[Event "Kosenkov mem corr"]
[Site "Russia"]
[Date "2002.??.??"]
[Round "?"]
[White "Veinger, Itzhak"]
[Black "Aleshnia, Valery Valentinovic"]
[Result "0-1"]
[WhiteElo "2336"]
[BlackElo "2547"]
[PlyCount "36"]
[EventDate "1998.??.??"]
[EventType "tourn (corr)"]
[EventRounds "14"]
[EventCountry "RUS"]
[EventCategory "10"]
[SourceTitle "Corr 2011"]
[Source "ChessBase"]
[SourceDate "2010.08.31"]
[SourceVersion "1"]
[SourceVersionDate "2010.08.31"]
[SourceQuality "1"]

1. e4 c5 2. g3 Nc6 3. Bg2 g6 4. Ne2 Bg7 5. 0-0 d6 6. d3 Nf6 7. Nbc3 0-0 8. h3 Rb8 9. f4 Ne8 10. Be3 Nd4 11. Bf2 Nxe2+ 12. Qxe2 b5 13. a3 Nc7 14. Nd1 f5 15. c3 fxe4 16. dxe4 e5 17. Qd2 Be6 18. Be3 Qd7 0-1